[Event "Reunion op 19th"]
[Site "St Denis"]
[Date "2017.10.20"]
[Round "6"]
[White "Fautrel, Sebastien"]
[Black "Bosi Lagarde, Arthur"]
[Result "1-0"]
[WhiteElo "1070"]
[BlackElo "1160"]
[PlyCount "57"]
[EventDate "2017.10.16"]
[EventType "swiss"]
[EventRounds "7"]
[EventCountry "RUF"]
[SourceTitle "CBM 181 Extra"]
[Source "ChessBase"]
[SourceDate "2017.12.12"]
[SourceVersion "1"]
[SourceVersionDate "2017.12.12"]
[SourceQuality "1"]

1. e4 e5 2. Nf3 Nc6 3. Bb5 Bd6 4. d4 Qf6 5. dxe5 Nxe5 6. Nxe5 Bxe5 7. 0-0 Bxb2 8. Bxb2 Qxb2 9. Nc3 Qxc3 10. Ba4 Nf6 11. Re1 Qe5 12. Qf3 0-0 13. Rab1 Re8 14. Rb5 Qd6 15. Rd1 Qa6 16. Rb4 Qa5 17. Rdb1 Rxe4 18. Rxe4 Nxe4 19. Qxe4 g6 20. Bb3 Qb6 21. Bxf7+ Kxf7 22. Rxb6 cxb6 23. Qd4 b5 24. Qh8 b6 25. Qxh7+ Kf6 26. Qh4+ Kg7 27. Qe4 Rb8 28. Qe5+ Kh6 29. Qxb8 1-0